Computing Version Spaces in the Qualitative Approach to Multicriteria Decision Aid

Elmentve itt :
Bibliográfiai részletek
Szerzők: Couceiro Miguel
Maróti Miklós
Waldhauser Tamás
Zádori László
Dokumentumtípus: Cikk
Megjelent: 2019
Sorozat:INTERNATIONAL JOURNAL OF FOUNDATIONS OF COMPUTER SCIENCE 30 No. 02
doi:10.1142/S0129054119500084

mtmt:30614946
Online Access:http://publicatio.bibl.u-szeged.hu/15034
LEADER 00818nab a2200229 i 4500
001 publ15034
005 20190403170335.0
008 190403s2019 hu o 0|| zxx d
022 |a 0129-0541 
024 7 |a 10.1142/S0129054119500084  |2 doi 
024 7 |a 30614946  |2 mtmt 
040 |a SZTE Publicatio Repozitórium  |b hun 
041 |a zxx 
100 1 |a Couceiro Miguel 
245 1 0 |a Computing Version Spaces in the Qualitative Approach to Multicriteria Decision Aid  |h [elektronikus dokumentum] /  |c  Couceiro Miguel 
260 |c 2019 
300 |a 333-353 
490 0 |a INTERNATIONAL JOURNAL OF FOUNDATIONS OF COMPUTER SCIENCE  |v 30 No. 02 
700 0 1 |a Maróti Miklós  |e aut 
700 0 1 |a Waldhauser Tamás  |e aut 
700 0 1 |a Zádori László  |e aut 
856 4 0 |u http://publicatio.bibl.u-szeged.hu/15034/1/publ29.pdf  |z Dokumentum-elérés